Loading...

Current English Usage ;A course Dictionary

Bibliographic Details
Main Author: Wood Frederick, T.
Format: Printed Book
Published: London Macmillan 1962
Subjects:
LEADER 00504nam a2200181 4500
020
082 |a 425 WOO 
100 |a Wood Frederick, T. 
245 |a Current English Usage ;A course Dictionary  |h ENGLISH 
250
260 |a London  |b Macmillan  |c 1962 
300 |a 273 P  |b PB  |f Book 
500
650 |a Current English Usage 
700
942 |c TB 
999 |c 265240  |d 265240 
952 |0 0  |1 0  |4 0  |6 425_000000000000000_WOO  |7 0  |9 281964  |a LIN  |b LIN  |d 2007-07-02  |l 0  |o 425 WOO  |p LIN2195  |r 2020-02-06  |w 2020-02-06  |y TB